000 00787nam a2200241 a 4500
001 000036869
003 OSt
005 20210427115619.0
008 120202s1963 sp 000 f spa d
040 _aDO-SdBNP
_bspa
_cBNPHU
082 4 _a833.914
_bF547a
_222
100 1 _aFittkau, Gerhard
_963231
240 1 0 _aMein dreiunddreissgstes Jahr
_lEspañol.
245 1 0 _aA mis treinta y tres años :
_bNovela /
_cGerhard Fittkau; traducción del alemán por Walter Hösselbarth.
260 _aBarcelona, España :
_bPlaneta,
_c1963.
300 _a340 p. ;
_c19 cm.
490 1 _aGoliat
_v176
650 4 _aLiteratura alemán
_976960
700 1 _aHösselbarth, Walter
_etr.
_963232
830 0 _aGoliat;
_v176
_94949
910 _aValidado. Control de calidad MFF
942 _2ddc
_cLBS1
999 _c36360
_d36360